Keyakinan Diri

Bibliographic Details
Main Author: Oly Suraidah
Format: Book
Published: Wilayah Persekutuan : Star Trading , 2008
Series:Siri Nilai Murni

MARC

LEADER 00000cam a2200000 7i4500
001 0000046199
005 20150819.0
008 150311
020 |a 9789833949199 
020 |a 9789833949236(set) 
090 0 0 |a MOR   |b MAL 
100 0 |a Oly Suraidah 
245 1 0 |a Keyakinan Diri   |c Oly Suraidah 
260 |a Wilayah Persekutuan :   |b Star Trading ,   |c 2008 
490 0 |a Siri Nilai Murni 
999 |a 0001088263   |b Book   |c Children Collection   |e Cawangan Pontian 
999 |a 0001088279   |b Book   |c Children Collection   |e Cawangan Bandar Penawar 
999 |a 0001088295   |b Book   |c Children Collection   |e Cawangan Segamat 
999 |a 0001088311   |b Book   |c Children Collection   |e Cawangan Bukit Gambir 
999 |a 0001088327   |b Book   |c Children Collection   |e Cawangan Taman Universiti 
999 |a 0001088359   |b Book   |c Children Collection   |e Cawangan Mersing 
999 |a 0001088367   |b Book   |c Children Collection   |e Cawangan Pontian 
999 |a 0001088383   |b Book   |c Children Collection   |e Cawangan Bandar Penawar 
999 |a 0001088391   |b Book   |c Children Collection   |e Cawangan Pontian 
999 |a 0001088399   |b Book   |c Children Collection   |e Cawangan Kota Tinggi 
999 |a 0001088407   |b Book   |c Children Collection   |e Cawangan Pontian 
999 |a 0001088414   |b Book   |c Children Collection   |e Cawangan Taman Universiti 
999 |a 0001088438   |b Book   |c Children Collection   |e Cawangan Tangkak 
999 |a 0001088446   |b Book   |c Children Collection   |e Cawangan Bukit Gambir 
999 |a 0001088462   |b Book   |c Children Collection   |e Cawangan Segamat 
999 |a 0001088478   |b Book   |c Children Collection   |e Cawangan Segamat 
999 |a 0001088494   |b Book   |c Children Collection   |e Cawangan Bukit Gambir 
999 |a 0001088502   |b Book   |c Children Collection   |e Cawangan Taman Sri Lambak 
999 |a 0001088518   |b Book   |c Children Collection   |e Cawangan Tangkak 
999 |a 0001088534   |b Book   |c Children Collection   |e Cawangan Tangkak 
999 |a 0001088542   |b Book   |c Children Collection   |e Cawangan Kota Tinggi 
999 |a 0001088550   |b Book   |c Children Collection   |e Cawangan Taman Universiti 
999 |a 0001088582   |b Book   |c Children Collection   |e Cawangan Pontian 
999 |a 0001088598   |b Book   |c Children Collection   |e Cawangan Bandar Penawar 
999 |a 0001088606   |b Book   |c Children Collection   |e Cawangan Segamat 
999 |a 0001088622   |b Book   |c Children Collection   |e Cawangan Bukit Gambir 
999 |a 0001088630   |b Book   |c Children Collection   |e Cawangan Taman Sri Lambak 
999 |a 0001088638   |b Book   |c Children Collection   |e Cawangan Kota Tinggi 
999 |a 0001088646   |b Book   |c Children Collection   |e Cawangan Taman Universiti 
999 |a 0001088662   |b Book   |c Children Collection   |e Cawangan Bandar Tenggara 
999 |a 0001088670   |b Book   |c Children Collection   |e Cawangan Mersing